[Event "It"]
[Site "masterchessopen.com Zaandam (Netherlands)"]
[Round "0"]
[White "Wood Gabriel"]
[Black "Kramer Haije J (NED)"]
[Result "0-1"]
[WhiteElo "2192"]
[BlackElo "2330"]

1.d4 Nf6 2.c4 e6 3.Nc3 Bb4 4.Qc2 d6 5.Nf3 Nbd7 6.e3 e5 7.Be2 c6 8.O-O Qe7
9.Bd2 O-O 10.a3 Bxc3 11.Bxc3 Re8 12.dxe5 dxe5 13.b4 b6 14.Rfd1 Bb7 15.c5 bxc5
16.bxc5 Qxc5 17.Qb2 Qb6 18.Qa2 Qc7 19.Bc4 Nb6 20.Bb3 c5 21.Rac1 c4 22.Bc2 Bxf3
23.gxf3 Nfd5 24.Ba1 Rad8 25.Bd3 Ne7 26.Kg2 Ng6 27.Be2 Qc6 28.Kh1 Nh4 29.e4
Rxd1+ 30.Rxd1 Qf6 31.Qb2 Nxf3 32.Qb5 Rd8 33.a4 Qf4 34.Kg2 Qxh2+ {#R} 0-1

[Event "Zt"]
[Site "masterchessopen.com Hilversum (Netherlands)"]
[Round "0"]
[White "O'kelly De Galway Alberic (BEL)"]
[Black "Pachman Ludek (GER)"]
[Result "1/2-1/2"]
[WhiteElo "2460"]
[BlackElo "2278"]

1.d4 Nf6 2.c4 e6 3.Nc3 Bb4 4.Qc2 d6 5.Nf3 O-O 6.a3 Bxc3+ 7.Qxc3 Nbd7 8.b4 b6
9.g3 Bb7 10.Bg2 a5 11.Bb2 axb4 12.axb4 Rxa1+ 13.Bxa1 Qe7 14.O-O Ne4 15.Qc2 f5
16.Rd1 Ng5 17.Nxg5 Bxg2 18.Kxg2 Qxg5 19.f4 Qh5 20.d5 e5 21.fxe5 Nxe5 22.Bxe5
Re8 23.Rd2 Rxe5 24.c5 bxc5 25.bxc5 dxc5 26.Qc4 Re4 27.Qxc5 Rxe2+ 28.Rxe2 Qxe2+
29.Kg1 Qe5 30.Qc6 Qe7 31.Qa8+ Kf7 32.Qc6 Qd6 33.Qc3 h6 34.Kf2 f4 35.Qf3 g5
36.gxf4 gxf4 37.Qe4 Kf6 38.Kf3 Kg5 39.Qd4 Qa3+ 40.Ke4 Qd6 41.Kf3 Kh5 42.Qd3
{#d} 1/2-1/2

[Event "Ch URS"]
[Site "masterchessopen.com Moscow (Russia)"]
[Round "0"]
[White "Kotov Alexander A (RUS)"]
[Black "Smyslov Vassily (RUS)"]
[Result "1/2-1/2"]
[WhiteElo "2500"]
[BlackElo "2494"]

1.d4 Nf6 2.c4 e6 3.Nc3 Bb4 4.Qc2 d6 5.Nf3 Nbd7 6.g3 b6 7.Bg2 Bb7 8.O-O Bxc3
9.Qxc3 O-O 10.b3 Qe8 11.Bb2 Ne4 12.Qc2 f5 13.Ne1 a5 14.Nd3 a4 15.f3 Nef6
16.Rad1 e5 17.dxe5 dxe5 18.Qc3 axb3 19.axb3 e4 20.Nf4 Qe7 21.Rd2 Rae8 22.Rfd1
Rf7 23.b4 Ne5 24.Nd5 Bxd5 25.cxd5 b5 26.Qxe5 Qxe5 27.Bxe5 Rxe5 28.f4 Re8 29.e3
Rd7 30.Bf1 Rb8 31.Be2 Kf8 32.h3 Rbd8 33.d6 Rxd6 34.Rxd6 Rxd6 35.Rxd6 cxd6
36.Bxb5 Nd5 37.Bd7 g6 38.b5 Ke7 39.Bc6 Nxe3 40.b6 Kd8 41.Kf2 Nc4 42.b7 Kc7
43.Bd5 Nb6 44.Bc6 Nc4 45.Bd5 Na5 46.Ke3 Nxb7 47.Bg8 h6 48.Bh7 Kd7 49.Bxg6 Ke6
50.g4 fxg4 51.hxg4 d5 52.g5 hxg5 53.Bxe4 dxe4 54.Kxe4 gxf4 {#d} 1/2-1/2

[Event "It"]
[Site "masterchessopen.com Venice (Italy)"]
[Round "0"]
[White "Pachman Ludek (GER)"]
[Black "Smyslov Vassily (RUS)"]
[Result "1/2-1/2"]
[WhiteElo "2278"]
[BlackElo "2494"]

1.c4 e6 2.d4 Nf6 3.Nc3 Bb4 4.Qc2 d6 5.Bg5 Nbd7 6.e3 c5 7.Bd3 Qa5 8.Nf3 h6
9.Bh4 cxd4 10.exd4 b6 11.O-O Bxc3 12.bxc3 O-O 13.Bg3 e5 14.c5 bxc5 15.dxe5
dxe5 16.Rfe1 e4 17.Bxe4 Nxe4 18.Qxe4 Ba6 {#d} 1/2-1/2

[Event "Ch Argentina"]
[Site "masterchessopen.com Buenos Aires (Argentina)"]
[Round "1"]
[White "Casas Fernando (ARG)"]
[Black "Foguelman Alberto (ARG)"]
[Result "1-0"]
[WhiteElo "2245"]
[BlackElo "2310"]

1.d4 Nf6 2.c4 e6 3.Nc3 Bb4 4.Qc2 d6 5.a3 Bxc3+ 6.Qxc3 a5 7.g3 Nc6 8.b3 O-O
9.Bg2 Qe7 10.Nf3 e5 11.d5 Nb8 12.Nd2 Nbd7 13.O-O Nc5 14.b4 axb4 15.axb4 Rxa1
16.Qxa1 Na6 17.Ba3 Nd7 18.e4 g6 19.Qc3 f5 20.f4 b6 21.Bb2 h6 22.Nf3 g5 23.fxe5
dxe5 24.exf5 Re8 25.f6 Qxf6 26.Bh3 Rf8 27.Nxe5 Qxe5 28.Be6+ {#r} 1-0

[Event "Ch BRD"]
[Site "masterchessopen.com Bad Pyrmont (Germany)"]
[Round "10"]
[White "Gerusel Mathias (GER)"]
[Black "Hecht Hans-Joachim (GER)"]
[Result "0-1"]
[WhiteElo "2239"]
[BlackElo "2379"]

1.d4 e6 2.c4 Nf6 3.Nc3 Bb4 4.Qc2 d6 5.Nf3 O-O 6.Bd2 Nbd7 7.a3 Bxc3 8.Bxc3 Qe7
9.e3 b6 10.g3 Bb7 11.Bg2 Be4 12.Qe2 e5 13.O-O Rae8 14.Rfe1 Qd8 15.d5 h6 16.Bh3
Bh7 17.b4 Ne4 18.Bb2 f5 19.Nd2 Ndf6 20.f3 Ng5 21.Bg2 f4 22.h4 Nf7 23.exf4 exf4
24.Bxf6 gxf6 25.Qf2 Rxe1+ 26.Rxe1 Ne5 27.Bf1 fxg3 28.Qxg3+ Kh8 29.Qf4 Rg8+
30.Kh2 Qf8 31.Re2 Bd3 32.Rg2 Rxg2+ 33.Kxg2 Qg7+ 34.Kh2 Ng6 35.Qd4 Bxf1 36.Nxf1
f5 37.Qxg7+ Kxg7 38.Kg3 f4+ 39.Kg4 Ne5+ 40.Kxf4 Nxc4 41.a4 a5 42.bxa5 bxa5
43.Ne3 Nb6 44.h5 Nxa4 45.Ke4 Nc5+ 46.Kd4 Nd7 47.Kc4 Nf6 48.Kb5 Nxh5 49.Kxa5
Ng3 50.Kb5 h5 51.Kc6 h4 52.Kxc7 h3 53.Ng4 Nf5 54.Kd7 Kg6 55.f4 Kh5 56.Nf2 h2
57.Ke6 Kh4 58.Kxf5 Kg3 59.Nh1+ Kg2 60.Ke6 Kxh1 61.f5 Kg2 62.f6 h1=Q 63.f7 Qh8
64.Ke7 Kf3 {#R} 0-1

[Event "Match \"]
[Site "masterchessopen.com Kiev (Ukraine)"]
[Round "0"]
[White "Minev Nikolay N (USA)"]
[Black "Nikolaevsky Yuri V (RUS)"]
[Result "1-0"]
[WhiteElo "2370"]
[BlackElo "2315"]

1.d4 Nf6 2.c4 e6 3.Nc3 Bb4 4.Qc2 d6 5.a3 Bxc3+ 6.Qxc3 Nbd7 7.Nf3 O-O 8.g3 b6
9.Bg2 Bb7 10.O-O c5 11.b3 Rc8 12.Bb2 d5 13.Rfd1 dxc4 14.bxc4 cxd4 15.Qxd4 Qc7
16.Rac1 Be4 17.Ne1 Bxg2 18.Nxg2 Rfd8 19.Qh4 Qc5 20.Ne3 h6 21.Qf4 Qg5 22.Qxg5
hxg5 23.Rd4 Kf8 24.Rcd1 Ke7 25.Kf1 Rc6 26.a4 Rdc8 27.Ba3+ Nc5 28.h4 gxh4
29.Rxh4 Rd8 30.Rxd8 Kxd8 31.a5 bxa5 32.Rh8+ Ne8 33.Rh5 Nb3 34.Rb5 Rb6 35.Rh5
g6 36.Rh7 Rb7 37.c5 Nd4 38.Nc4 Nc2 39.c6 Rb3 40.Bf8 Nd4 41.Nxa5 Rb1+ 42.Kg2
Rb5 43.Rxf7 Rf5 44.Rxa7 Nc7 45.Nb7+ {#r} 1-0

[Event "It \"]
[Site "masterchessopen.com Yerevan (Armenia)"]
[Round "12"]
[White "Averbakh Yuri L (RUS)"]
[Black "Petrosian Tigran V (ARM)"]
[Result "1/2-1/2"]
[WhiteElo "2445"]
[BlackElo "2580"]

1.d4 Nf6 2.c4 e6 3.Nc3 Bb4 4.Qc2 d6 5.Bd2 Nc6 6.Nf3 e5 7.d5 Bxc3 8.Bxc3 Ne7
9.e4 O-O 10.Be2 Ng6 11.g3 a5 12.h4 Bg4 13.Nh2 Bxe2 14.Qxe2 h6 15.h5 Ne7 16.f4
Nd7 17.Nf3 f6 18.Rd1 Nc5 19.O-O Qd7 20.f5 Rfb8 21.Be1 {#d} 1/2-1/2

[Event "Ch Romania"]
[Site "masterchessopen.com Bucharest (Romania)"]
[Round "4"]
[White "Soos Bela (GER)"]
[Black "Buza Adrian (ROM)"]
[Result "1/2-1/2"]
[WhiteElo "2281"]
[BlackElo "2241"]

1.d4 Nf6 2.c4 e6 3.Nc3 Bb4 4.Qc2 d6 5.Nf3 Nbd7 6.Bd2 O-O 7.a3 Bxc3 8.Bxc3 Re8
9.e4 e5 10.dxe5 Nxe5 11.Nxe5 dxe5 12.Be2 b6 13.Rd1 Qe7 14.Bb4 c5 15.Bc3 Bb7
16.f3 Nd7 17.O-O Nb8 {#d} 1/2-1/2

[Event "It"]
[Site "masterchessopen.com Buesum (Germany)"]
[Round "8"]
[White "Gerusel Mathias (GER)"]
[Black "Hecht Hans-Joachim (GER)"]
[Result "1/2-1/2"]
[WhiteElo "2239"]
[BlackElo "2379"]

1.d4 Nf6 2.c4 e6 3.Nc3 Bb4 4.Qc2 d6 5.Nf3 O-O 6.Bd2 b6 7.e3 Bb7 8.Bd3 Nbd7
9.a3 Bxc3 10.Bxc3 Qe7 11.O-O e5 12.Nd2 Rae8 13.b4 Qd8 14.Rfe1 h6 15.f3 exd4
16.exd4 Nh5 17.g3 Qg5 18.Ne4 Qd8 19.d5 Ne5 20.Be2 Bc8 21.f4 Ng4 22.h3 Ngf6
23.Nxf6+ Nxf6 24.Bf1 Bd7 25.Qb2 Rxe1 26.Rxe1 Re8 27.Bxf6 Qxf6 28.Qxf6 gxf6
29.Rxe8+ Bxe8 30.Bd3 Bd7 31.f5 c5 32.dxc6 Bxc6 33.Kf2 Kf8 34.Ke3 Ke7 35.Be4
Ba4 36.b5 Bd1 37.Kd2 Bb3 38.Bd5 Ba4 39.Kd3 Bd1 40.Kd2 Bb3 41.Kd3 Bd1 42.Be4
Kd7 43.Ke3 Bb3 44.Bd5 Ke7 45.h4 Bc2 46.Be4 Bb3 47.Kd4 Bd1 48.Bd3 Bf3 49.Ke3
Bd1 50.Ke4 Kd7 51.Kd5 Bf3+ 52.Be4 Bd1 53.Kd4 Ke7 54.Kd3 Bg4 55.Ke3 Bd1 56.Bf3
Bc2 57.Bg4 d5 58.cxd5 Bb3 59.Kd4 Kd6 60.Bf3 Ba2 61.Ke4 Bxd5+ 62.Kf4 Bxf3
63.Kxf3 Ke7 64.Kg4 Kf8 65.Kh5 Kg7 66.g4 Kh7 67.g5 hxg5 68.hxg5 fxg5 69.Kxg5
Kg7 70.Kf4 Kf8 71.Kg4 Ke8 72.Kh5 Kf8 73.Kh6 Kg8 74.Kg5 Kg7 75.Kg4 f6 76.Kf4
Kh6 {#d} 1/2-1/2

[Event "Ch URS"]
[Site "masterchessopen.com Leningrad (Russia)"]
[Round "0"]
[White "Kakageldyev Amanmurad (TKM)"]
[Black "Korchnoi Viktor (SUI)"]
[Result "0-1"]
[WhiteElo "2388"]
[BlackElo "2556"]

1.d4 Nf6 2.c4 e6 3.Nc3 Bb4 4.Qc2 d6 5.e3 O-O 6.Bd3 c5 7.Ne2 Nc6 8.O-O h6 9.a3
Ba5 10.h3 Bc7 11.f4 cxd4 12.exd4 Bb6 13.Be3 e5 14.Nb5 e4 15.Bxe4 Re8 16.Ng3
Nxe4 17.Nxe4 Bf5 18.Nbxd6 Bxe4 19.Nxe4 Qe7 20.c5 Qxe4 21.Qxe4 Rxe4 22.Rfe1 Bd8
23.d5 Ne7 24.Rad1 a5 25.g4 a4 26.Kf2 Ba5 27.Kf3 Rc4 28.Re2 Rd8 29.d6 Nc6
30.Bf2 Kf8 31.Re4 Rxe4 32.Kxe4 Ke8 33.Rc1 Ra8 34.Rc4 Bd8 35.Be3 Bf6 36.Bc1 Kd7
37.Kd5 Ra5 {#R} 0-1

[Event "It (open)"]
[Site "masterchessopen.com Budapest (Hungary)"]
[Round "0"]
[White "Forintos Gyozo V (HUN)"]
[Black "Kholmov Ratmir D (RUS)"]
[Result "0-1"]
[WhiteElo "2317"]
[BlackElo "2432"]

1.d4 Nf6 2.c4 e6 3.Nc3 Bb4 4.Qc2 d6 5.Nf3 O-O 6.Bd2 c5 7.dxc5 dxc5 8.a3 Ba5
9.Rd1 Nbd7 10.g3 b6 11.Bg2 Bb7 12.O-O Bxc3 13.Bxc3 Be4 14.Qc1 Qc7 15.Qe3 Bc6
16.Ne5 Bxg2 17.Kxg2 Rad8 18.f3 Nb8 19.Qg5 h6 20.Qh4 Nh7 21.Qg4 Nf6 22.Qh4 Nh7
23.Qf4 Rfe8 24.Qg4 f6 25.Ng6 Nc6 26.Rxd8 Qxd8 27.Qe4 Qd7 28.h4 Nf8 29.Nf4 Rd8
30.Rc1 Qe8 31.Kf2 f5 32.Qe3 e5 33.Nd5 Nd4 34.Nc7 f4 35.gxf4 Qe7 36.Qxe5 Qxh4+
37.Ke3 Ng6 38.Qe4 Nxf4 39.Nd5 Nxd5+ 40.cxd5 Qh5 41.Qg4 Qxd5 42.Bxd4 Qxd4+
43.Qxd4 cxd4+ 44.Kd3 Rd7 45.Rc2 h5 46.Ke4 Kh7 47.Rd2 Kg6 48.b4 h4 49.f4 Re7+
50.Kf3 Re3+ 51.Kg4 h3 52.Rxd4 h2 53.Rd6+ Kf7 54.Rd1 Rxe2 55.Rh1 Kf6 56.b5 Ra2
57.a4 g6 58.Kg3 Kf5 59.Rb1 Rxa4 60.Kxh2 Kxf4 {#R} 0-1

[Event "It"]
[Site "masterchessopen.com Skopje (Macedonia)"]
[Round "13"]
[White "Forintos Gyozo V (HUN)"]
[Black "Matanovic Aleksandar (SRB)"]
[Result "1/2-1/2"]
[WhiteElo "2317"]
[BlackElo "2490"]

1.c4 Nf6 2.Nc3 e6 3.d4 Bb4 4.Qc2 d6 5.Nf3 Nbd7 6.g3 b6 7.Bg2 Bb7 8.O-O Bxc3
9.Qxc3 O-O 10.b3 Qe7 11.Bb2 c5 12.Rad1 Rfe8 13.Rfe1 d5 {#d} 1/2-1/2

[Event "Ch Yugoslavia"]
[Site "masterchessopen.com Yugoslavia"]
[Round "0"]
[White "Despotovic Momcilo (SRB)"]
[Black "Keserovic Milan (SRB)"]
[Result "1-0"]
[WhiteElo "2288"]
[BlackElo "2192"]

1.d4 Nf6 2.c4 e6 3.Nc3 Bb4 4.Qc2 d6 5.Nf3 O-O 6.Bg5 h6 7.Bh4 Qe7 8.a3 Bxc3+
9.Qxc3 Nbd7 10.g4 g5 11.Bg3 Ne4 12.Qc2 f5 13.h4 Ndf6 14.hxg5 hxg5 15.Nxg5 Nxg5
16.Bh4 Qh7 17.gxf5 exf5 18.Bg2 f4 19.Qb3 Qf5 20.O-O-O f3 21.exf3 Be6 22.Qe3
Nfh7 23.Rdg1 Bxc4 24.Bh3 Qxf3 25.Bxg5 Qxe3+ 26.Bxe3+ Kf7 27.Bf1 {#r} 1-0

[Event "It"]
[Site "masterchessopen.com Baja (Romania)"]
[Round "0"]
[White "Forintos Gyozo V (HUN)"]
[Black "Tompa Janos (HUN)"]
[Result "1-0"]
[WhiteElo "2485"]
[BlackElo "2398"]

1.d4 Nf6 2.c4 e6 3.Nc3 Bb4 4.Qc2 d6 5.Nf3 Qe7 6.e3 O-O 7.Bd2 b6 8.Bd3 Bb7 9.e4
e5 10.O-O Bxc3 11.Bxc3 Nbd7 12.Rae1 Nh5 13.Re3 Nf4 14.Rfe1 Qf6 15.Bf1 a5 16.b3
Rad8 17.Qb2 Rfe8 18.c5 dxc5 19.dxe5 Qe7 20.a4 Ng6 21.Bb5 c6 22.Be2 Ndxe5
23.Nxe5 Nxe5 24.f4 Ng6 25.Bxg7 Qd6 26.f5 Qd2 27.Qxd2 Rxd2 28.Bc3 {#r} 1-0

[Event "Ch Great Britain"]
[Site "masterchessopen.com Blackpool (England)"]
[Round "7"]
[White "Whiteley Andrew J (ENG)"]
[Black "Williams Arthur H (WLS)"]
[Result "1-0"]
[WhiteElo "2310"]
[BlackElo "2353"]

1.d4 Nf6 2.c4 e6 3.Nc3 Bb4 4.Qc2 d6 5.Nf3 O-O 6.Bd2 c5 7.dxc5 dxc5 8.a3 Ba5
9.O-O-O Qe7 10.Bf4 Rd8 11.Rxd8+ Qxd8 12.e3 Bxc3 13.Qxc3 b6 14.Bd3 Bb7 15.Rd1
Nbd7 16.Ne5 Qe7 17.f3 Rd8 18.Bc2 Nxe5 19.Qxe5 Rxd1+ 20.Bxd1 Bc6 21.Qb8+ Ne8
22.Qc8 Bb7 23.Qb8 Bc6 24.Qc8 Bb7 25.Bd6 Bxc8 26.Bxe7 Bd7 27.b4 f6 28.bxc5 Kf7
29.cxb6 axb6 30.Bd8 Nd6 31.Bxb6 Nxc4 32.Bc5 Ne5 33.Kd2 Bb5 34.f4 Nd7 35.Ba7
Ke7 36.Kc3 Kd6 37.Kb4 Bc6 38.g3 e5 39.a4 Be4 40.a5 Kc6 41.Be2 g6 42.Bb5+ Kd6
43.Bb6 h5 44.h4 Bd5 45.Bd8 Be4 46.a6 {#r} 1-0

[Event "Memorial Asztalos"]
[Site "masterchessopen.com Baja (Hungary)"]
[Round "8"]
[White "Bagirov Vladimir (LAT)"]
[Black "Lengyel Levente (HUN)"]
[Result "1/2-1/2"]
[WhiteElo "2510"]
[BlackElo "2485"]

1.d4 Nf6 2.c4 e6 3.Nc3 Bb4 4.Qc2 d6 5.a3 Bxc3+ 6.Qxc3 O-O 7.Nf3 b6 8.g3 Bb7
9.Bg2 Nbd7 10.O-O c5 11.dxc5 Nxc5 12.Be3 Qe7 13.Bxc5 dxc5 14.Rfd1 Rfd8 15.Ne1
Bxg2 16.Nxg2 Rxd1+ 17.Rxd1 Rd8 {#d} 1/2-1/2

[Event "Match \"]
[Site "masterchessopen.com Attendorn (Germany)"]
[Round "2"]
[White "Whiteley Andrew J (ENG)"]
[Black "Suess Alois (GER)"]
[Result "0-1"]
[WhiteElo "2310"]
[BlackElo "2330"]

1.d4 Nf6 2.c4 e6 3.Nc3 Bb4 4.Qc2 d6 5.Nf3 O-O 6.Bd2 Nbd7 7.a3 Bxc3 8.Bxc3 Qe7
9.e3 b6 10.Be2 Bb7 11.O-O Ne4 12.Nd2 f5 13.Nxe4 fxe4 14.Rfd1 Rf5 15.Bg4 Rg5
16.Bh3 Rh5 17.Qe2 Rh4 18.d5 exd5 19.cxd5 Nc5 20.b4 Ba6 21.Qa2 Nd3 22.Be6+ Kh8
23.g3 Rh6 24.a4 Rf8 25.Rd2 Qe8 26.h4 Bc8 27.Bxc8 Qxc8 28.Qc4 Qg4 29.Qxc7 Rg6
30.h5 Qxh5 31.Qe7 Qf3 32.Rf1 Nxf2 33.Qxg7+ Rxg7 34.Rfxf2 Qxg3+ 35.Rg2 Qxe3+
36.Rf2 Qxf2+ {#R} 0-1

[Event "It"]
[Site "masterchessopen.com Kecskemet (Hungary)"]
[Round "0"]
[White "Toth Bela (ITA)"]
[Black "Lengyel Levente (HUN)"]
[Result "1-0"]
[WhiteElo "2410"]
[BlackElo "2455"]

1.d4 Nf6 2.c4 e6 3.Nc3 Bb4 4.Qc2 d6 5.g3 c5 6.dxc5 dxc5 7.Bg2 O-O 8.Nf3 Nc6
9.O-O Nd4 10.Nxd4 cxd4 11.Rd1 e5 12.Bg5 Qa5 13.Bxf6 dxc3 14.Rd5 cxb2 15.Qxb2
Bc3 16.Qc1 Qa6 17.Bxg7 Kxg7 18.Qxc3 f6 19.Rad1 Be6 20.Rd7+ Bxd7 21.Rxd7+ Kh8
22.Qd3 f5 23.Bxb7 {#r} 1-0

[Event "Ch Netherlands"]
[Site "masterchessopen.com Leeuwarden (Netherlands)"]
[Round "2"]
[White "Enklaar Bertus F (NED)"]
[Black "Kuijpers Frans A (NED)"]
[Result "1-0"]
[WhiteElo "2410"]
[BlackElo "2280"]

1.d4 Nf6 2.c4 e6 3.Nc3 Bb4 4.Qc2 d6 5.g3 O-O 6.a3 Bxc3+ 7.Qxc3 Re8 8.Bg2 a5
9.Nf3 Qe7 10.O-O e5 11.dxe5 dxe5 12.h3 Nbd7 13.Be3 Ne4 14.Qc2 Nec5 15.Rad1 f6
16.Nd2 Nf8 17.Nb3 Nce6 18.c5 Nd8 19.Qc3 a4 20.Na5 Nfe6 21.Qb4 Bd7 22.Rd2 Nc6
23.Nxc6 Bxc6 24.Bxc6 bxc6 25.Rfd1 f5 26.Kh2 Qf6 27.f4 exf4 28.gxf4 Re7 29.Qb7
Rae8 30.Qxc6 Qh4 31.Qd5 Kh8 32.Qxf5 h6 33.Qg4 Qf6 34.Rf1 Rb8 35.f5 Rb3 36.Rf3
Qe5+ 37.Qg3 Ng5 38.Bxg5 hxg5 39.Kg2 Qxg3+ 40.Kxg3 Rb5 41.Kg4 Rxc5 42.Kxg5 Rce5
43.Rd8+ Re8 44.Rxe8+ Rxe8 45.e3 Re4 46.h4 Kg8 47.h5 Kf7 48.Rh3 c5 49.h6 gxh6+
50.Rxh6 Rxe3 51.Rh7+ Kg8 52.Rc7 Rb3 53.Kg6 Rg3+ 54.Kf6 Rb3 55.Rxc5 Rxb2 56.Ra5
Rb6+ 57.Kg5 Rb7 58.Ra8+ Kg7 59.Rxa4 Rc7 60.Ra8 Rc6 61.Ra7+ Kf8 62.a4 {#r} 1-0

[Event "Olympiad URS"]
[Site "masterchessopen.com Moscow (Russia)"]
[Round "1"]
[White "Kakageldyev Amanmurad (TKM)"]
[Black "Polugaevsky Lev A (RUS)"]
[Result "0-1"]
[WhiteElo "2395"]
[BlackElo "2645"]

1.d4 Nf6 2.c4 e6 3.Nc3 Bb4 4.Qc2 d6 5.Nf3 Nbd7 6.e3 b6 7.Be2 Bb7 8.O-O Bxc3
9.Qxc3 O-O 10.b4 Ne4 11.Qc2 f5 12.Ne1 c5 13.f3 Nef6 14.bxc5 dxc5 15.Bb2 Rc8
16.Qb3 Qc7 17.Rc1 f4 18.Nc2 Rfe8 19.e4 cxd4 20.Nxd4 Nc5 21.Qa3 a6 22.Nb3 Nfd7
23.Bd4 e5 24.Bf2 Nf8 25.Rb1 Nfe6 26.Rb2 Rcd8 27.Rfb1 Bc8 28.Na1 Rd6 29.Nc2 a5
30.h3 Red8 31.Bf1 h6 32.Qc3 Rc6 33.Qe1 Na4 34.Rb3 Ba6 35.Na3 Nd4 36.Nb5 Bxb5
37.Bxd4 Rxd4 38.Rxb5 Nc5 39.Qc3 Qd6 40.a3 Kh7 41.Kh2 Qd8 42.Qb2 Rg6 43.Kg1 Rd2
44.Qxe5 Qh4 45.Kh1 Nd3 46.Qh5 Qf2 47.Qf5 Ne1 {#R} 0-1

[Event "Ch Hungary"]
[Site "masterchessopen.com Budapest (Hungary)"]
[Round "0"]
[White "Forintos Gyozo V (HUN)"]
[Black "Dely Peter (HUN)"]
[Result "1/2-1/2"]
[WhiteElo "2460"]
[BlackElo "2480"]

1.d4 Nf6 2.c4 e6 3.Nc3 Bb4 4.Qc2 d6 5.Nf3 Nbd7 6.Bd2 b6 7.e4 Bb7 8.Bd3 e5
9.O-O O-O 10.Rfe1 Re8 11.a3 Bxc3 12.Bxc3 exd4 13.Nxd4 Nc5 14.f3 Nxd3 15.Qxd3
Nd7 16.b3 f6 17.Qc2 Ne5 18.Rad1 a5 19.Bb2 Qd7 20.Re3 Ng6 21.Rc3 Rf8 22.Nf5 Ne7
23.c5 bxc5 24.Rxc5 Nxf5 25.Rxf5 Qf7 26.a4 Rfd8 27.Rd3 Bc8 28.Rfd5 Be6 29.Rb5
c6 30.Qxc6 Bd7 31.Qd5 Bxb5 32.axb5 {#d} 1/2-1/2

[Event "It"]
[Site "masterchessopen.com Buenos Aires (Argentina)"]
[Round "0"]
[White "Najdorf Miguel (POL)"]
[Black "Rubinetti Jorge (ARG)"]
[Result "1-0"]
[WhiteElo "2525"]
[BlackElo "2382"]

1.d4 Nf6 2.c4 e6 3.Nc3 Bb4 4.Qc2 d6 5.a3 Bxc3+ 6.Qxc3 Nbd7 7.e3 O-O 8.Bd3 e5
9.Ne2 Re8 10.O-O c6 11.Ng3 e4 12.Bc2 Nf8 13.f3 d5 14.fxe4 dxe4 15.b3 h5 16.Bb2
h4 17.Nf5 Bxf5 18.Rxf5 Rc8 19.Raf1 Ng6 20.Qe1 Re6 21.b4 Rc7 22.Bb3 Rd6 23.h3
a6 24.a4 Rcd7 25.a5 Nh7 26.d5 cxd5 27.cxd5 Ng5 28.Qd1 f6 29.Qh5 Ne7 30.Rxg5
{#r} 1-0

[Event "It"]
[Site "masterchessopen.com Madonna di Campiglio (Italy)"]
[Round "0"]
[White "Toth Bela (ITA)"]
[Black "Matanovic Aleksandar (SRB)"]
[Result "1/2-1/2"]
[WhiteElo "2345"]
[BlackElo "2490"]

1.d4 Nf6 2.c4 e6 3.Nc3 Bb4 4.Qc2 d6 5.Nf3 O-O 6.Bd2 c5 7.dxc5 dxc5 8.a3 Ba5
9.e3 Nbd7 10.Be2 b6 11.O-O Bb7 12.Rfd1 Bc6 13.b3 Qe7 14.Qb2 Rfd8 15.Rab1 Bxc3
16.Bxc3 a5 17.h3 h6 18.Nh2 Ne4 19.Be1 f5 20.Nf3 Qf6 21.Qxf6 gxf6 22.Nh2 Ne5
23.f3 Nd6 24.a4 Kf7 25.Bc3 Ke7 26.Rd2 Ndf7 27.Rbd1 Rxd2 28.Rxd2 Rg8 29.Kf2 h5
30.h4 Ng6 31.g3 Nge5 32.Rd1 Rh8 33.Nf1 Rg8 34.Nd2 Rd8 35.Nb1 Rxd1 36.Bxd1 Be8
37.Be2 Nd6 38.Bb2 Bg6 39.Nc3 Be8 40.Nd1 Bc6 41.Bc1 Bxf3 42.Bxf3 Nd3+ 43.Ke2
Nxc1+ 44.Kd2 Nxb3+ 45.Kc2 Nxc4 46.Bxh5 Ncd2 47.Kc3 c4 48.Be2 Ne4+ 49.Kxc4 Nbc5
50.Kb5 Nxg3 51.Bf3 f4 52.exf4 Nf5 53.Bg4 Nxh4 54.Kxb6 f5 55.Be2 Kd6 56.Kxa5
Ng2 57.Kb5 Nxf4 58.Bf1 Nd5 59.a5 e5 60.Nb2 Ne3 61.Nc4+ Nxc4 62.Kxc4 e4 63.Kd4
Ne6+ 64.Ke3 Kd5 65.a6 f4+ 66.Kf2 Nc7 67.a7 Kc5 68.Bg2 Kd4 69.Ke2 Na8 70.Bh1
Nb6 71.Bg2 {#d} 1/2-1/2

[Event "Ch Germany (juniors) (under 18)"]
[Site "masterchessopen.com Bamberg (Germany)"]
[Date "1973.08.16"]
[Round "7"]
[White "Littlewood Paul E (ENG)"]
[Black "Pablo Marin Alejandro (ESP)"]
[Result "1/2-1/2"]
[WhiteElo "2367"]
[BlackElo "2392"]

1.d4 Nf6 2.c4 e6 3.Nc3 Bb4 4.Qc2 d6 5.a3 Bxc3+ 6.Qxc3 O-O 7.Bg5 Nbd7 8.Nf3 b6
9.e3 Bb7 10.Be2 Qe7 11.O-O h6 12.Bxf6 Nxf6 13.Nd2 e5 14.d5 Nh7 15.e4 Bc8 16.b4
f5 17.f3 Nf6 18.c5 Bd7 19.Rac1 Nh5 20.Ba6 Nf4 21.Rf2 fxe4 22.cxd6 cxd6 23.Nxe4
Nxd5 24.Bc4 Be6 25.Qb3 Nf4 26.Bxe6+ Nxe6 27.Rc6 Rad8 28.Rd2 Kh8 29.Rcxd6 Nd4
30.Qd5 Qh4 31.Rf2 Rc8 32.Rf1 Rf5 33.Ng3 Rg5 34.Rd8+ Rxd8 35.Qxd8+ Kh7 36.Qd5
Qf4 37.Qe4+ Kg8 {#d} 1/2-1/2

[Event "Memorial V.Goglidze"]
[Site "masterchessopen.com Tbilisi (Georgia)"]
[Round "8"]
[White "Bagirov Vladimir (LAT)"]
[Black "Gurgenidze Bukhuti (GEO)"]
[Result "1/2-1/2"]
[WhiteElo "2482"]
[BlackElo "2108"]

1.d4 Nf6 2.c4 e6 3.Nc3 Bb4 4.Qc2 d6 5.Nf3 Nbd7 6.g3 b6 7.Bg2 Bb7 8.O-O Bxc3
9.Qxc3 O-O 10.b3 Rb8 11.Bb2 Ne4 12.Qc2 f5 13.Rad1 Ndf6 14.d5 e5 15.Nh4 g6
16.f3 Nc5 17.b4 Ncd7 18.f4 exf4 19.gxf4 Nh5 20.Nf3 Nxf4 21.e4 Nxg2 22.Qxg2
fxe4 23.Ng5 Qe7 24.Ne6 Rxf1+ 25.Rxf1 Ne5 26.Bxe5 dxe5 27.Qb2 b5 28.Qxe5 bxc4
29.Rc1 Rd8 30.Qxc7 Qxc7 31.Nxc7 Bxd5 32.Rd1 c3 33.Nxd5 c2 34.Rc1 Rxd5 35.Rxc2
a5 36.bxa5 Rxa5 37.Rc4 e3 38.a4 Rg5+ 39.Kf1 e2+ 40.Kxe2 Rg2+ 41.Kd3 {#d}
1/2-1/2

[Event "Memorial V.Goglidze"]
[Site "masterchessopen.com Tbilisi (Georgia)"]
[Round "2"]
[White "Bagirov Vladimir (LAT)"]
[Black "Kholmov Ratmir D (RUS)"]
[Result "1/2-1/2"]
[WhiteElo "2482"]
[BlackElo "2432"]

1.d4 Nf6 2.c4 e6 3.Nc3 Bb4 4.Qc2 d6 5.Nf3 c5 6.Bd2 O-O 7.a3 Ba5 8.e3 Re8 9.Bd3
Nbd7 10.O-O e5 11.b4 cxb4 12.axb4 Bxb4 13.Nb5 Bxd2 14.Nxd2 Nf8 15.Nxa7 Bd7
16.dxe5 Rxe5 17.Nb5 Rxa1 18.Rxa1 Bc6 19.Nd4 g6 20.Qb2 Ra5 21.N2b3 Rxa1+
22.Qxa1 Ne6 23.Be2 Nxd4 24.Nxd4 d5 {#d} 1/2-1/2

[Event "?"]
[Site "masterchessopen.com Valencia (Spain)"]
[Round "0"]
[White "Nemet Ivan (SUI)"]
[Black "Vaganian Rafael A (ARM)"]
[Result "0-1"]
[WhiteElo "2348"]
[BlackElo "2540"]

1.d4 Nf6 2.c4 e6 3.Nc3 Bb4 4.Qc2 d6 5.a3 Bxc3+ 6.Qxc3 O-O 7.f3 e5 8.dxe5 dxe5
9.Qxe5 Nc6 10.Qc3 Nh5 11.Be3 f5 12.Nh3 f4 13.Bf2 Bxh3 14.gxh3 Qe7 15.O-O-O
Rad8 16.Rd5 Nf6 17.Rxd8 Rxd8 18.e4 Qd7 19.Be2 Qxh3 20.Bf1 Qh5 21.c5 Kh8 22.Kb1
Rd1+ 23.Kc2 Nxe4 24.fxe4 Rxf1 25.Rxf1 Qe2+ 26.Kb3 Qxf1 27.Be1 Qe2 28.Qh3 Nd4+
29.Ka2 h6 30.Bc3 Qxe4 31.c6 Qxc6 32.Bxd4 Qd5+ 33.Ka1 Qxd4 34.Qc8+ Kh7 35.Qf5+
Kg8 36.Qc8+ Kf7 37.Qxc7+ Ke6 38.Qc8+ Ke5 39.Qc7+ Ke4 40.Qxb7+ Ke3 41.Qb3+ Ke2
42.Qc2+ Ke1 43.Qg2 g5 44.h4 g4 45.Qh1+ Kf2 46.Qh2+ Kf1 {#R} 0-1

[Event "It (open)"]
[Site "masterchessopen.com Sandomier (Poland)"]
[Round "3"]
[White "Szymczak Zbigniew (POL)"]
[Black "Adamski Jan (POL)"]
[Result "1/2-1/2"]
[WhiteElo "2400"]
[BlackElo "2415"]

1.d4 Nf6 2.c4 e6 3.Nc3 Bb4 4.Qc2 d6 5.Nf3 O-O 6.Bg5 Nbd7 7.e3 e5 8.Be2 Re8
9.a3 Bxc3+ 10.Qxc3 Qe7 11.Rc1 c5 12.dxe5 dxe5 13.O-O b6 14.Nd2 Bb7 15.Bf3 e4
16.Bg4 Qe5 17.Qxe5 Rxe5 18.Bxf6 Nxf6 19.Be2 Rd8 20.Rfd1 Re7 {#d} 1/2-1/2